Problémy s harmonizací penzijních fondů Evropská unie

Problematika penzijných fondov v rámci niektorých krajín EÚ - obmedzovanie voľného pohybu kapitálu penzijných fondov. Právna a ekonomická dimenzia problému. Návrhy pre riešenie problému. Závery pre ČR.

Salvato in:
Dettagli Bibliografici
Autore principale: Tomášek, M.
Natura: Capitolo di libro
Lingua:ceco
Soggetti:
Tags: Aggiungi Tag
Nessun Tag, puoi essere il primo ad aggiungerne!!

MARC

LEADER 00000naa a2200000 4500
001 r017833
005 20221208130805.3
041 0 |a cze 
044 |a CZ 
245 1 0 |a Problémy s harmonizací penzijních fondů  |b Evropská unie  |c M. Tomášek 
520 |a Problematika penzijných fondov v rámci niektorých krajín EÚ - obmedzovanie voľného pohybu kapitálu penzijných fondov. Právna a ekonomická dimenzia problému. Návrhy pre riešenie problému. Závery pre ČR. 
610 2 0 |a fondy penzijné 
610 2 0 |a Európska únia 
610 2 0 |a Česko 
610 2 0 |a pohyb kapitálu 
100 1 |a Tomášek, M.